000 00693nam a2200229Ii 4500
003 JO-AjNU
008 230605s9999||||xx |||||||||||||| ||und||
017 _a2008/19085
020 _a977-272-548-7
040 _aJO-AjNU
_bara
_erda
_cJO-AjNU
041 _aara
050 1 4 _aPJ6131.R342 2008
100 3 _aالراجحي،عبدة,
_eauthor
_926993
245 0 0 _aالتطبيق الصرفي
250 _aط1
264 3 1 _aالقاهرة: دار الصحابة للتراث بطنطا،2008
300 _a199ص
336 _atext
_btxt
_2rdacontent
337 _aunmediated
_bn
_2rdamedia
338 _avolume
_bnc
_2rdacarrier
650 4 _aاللغة العربية-الصرف
_926994
999 _aA10298
_c13866
_d13866